Normal view
MARC view
- STRENGTH OF MATERIALS STATICS
Entry Topical Term
001 - CONTROL NUMBER
- control field: 74256
003 - CONTROL NUMBER IDENTIFIER
- control field: NUST
005 - DATE AND TIME OF LATEST TRANSACTION
- control field: 20210628205153.0
008 - FIXED-LENGTH DATA ELEMENTS
- fixed length control field: 210628|| aca||aabn | a|a d
040 ## - CATALOGING SOURCE
- Original cataloging agency: NUST
- Transcribing agency: NUST
150 ## - HEADING--TOPICAL TERM
- Topical term or geographic name entry element: STRENGTH OF MATERIALS STATICS
670 ## - SOURCE DATA FOUND
- Source citation: Work cat.: (NUST): BYARS, E. F,SNYDER, R. D 74255, ENGIEERING MECHANICS STATICS AND STRENGTH OF MATERIALS, 1973
